| 000 | 00556nam a2200181 a 4500 | ||
|---|---|---|---|
| 005 | 20210219160535.0 | ||
| 008 | 081110s1965 mx r 000 0 spa d | ||
| 035 | _aUPN01000167505 | ||
| 049 | _aUNE | ||
| 080 | _a377 (53) =40 HAR No.53. | ||
| 100 | 1 | _aHarby, Mohammed K. | |
| 245 | 1 | 3 |
_aL' Enseignement technique dans les États Arabes/ _cpar Mohammed K. Harby. |
| 260 |
_aParís : _bUNESCO, _c1965. |
||
| 300 |
_a60 p. : _bfot. |
||
| 440 | 0 |
_aÉtudes et documents d'éducation ; _v53 |
|
| 690 | _aEnseñanza tecnica - Paises Arabes | ||
| 905 | _aUNESCO | ||
| 999 |
_c139616 _d139616 |
||